000 00571nam a22001697a 4500
003 OSt
005 20240927151125.0
008 240927b |||||||| |||| 00| 0 eng d
040 _c0
082 _aDPer 050 R22 2000 June -December 2023 v123 no. 7124-728
100 _aStrachan, Peter.
_eauthor.
_961737
245 _aMy story :
_bregifting straight from the horse's mouth /
_cPeter Strachan.
260 _aTaipei ;
_bReader's Digest Asia,.
_cJune2023
300 _aVolume 123, pages 8-9,
_billustration.
700 _aStrachan, Peter.
_eauthor.
_961737
942 _2ddc
_cPER
999 _c21955
_d21955